Ενεργειακή φυσική
Αποθηκεύτηκε σε:
| Κύριος συγγραφέας: | |
|---|---|
| Μορφή: | Βιβλίο |
| Γλώσσα: | Greek |
| Δημοσίευση: |
Μυτιλήνη :
1988
|
| Έκδοση: | 3η έκδ. |
| Θέματα: | |
| Ετικέτες: |
Προσθήκη ετικέτας
Δεν υπάρχουν, Καταχωρήστε ετικέτα πρώτοι!
|
MARC
| LEADER | 00000nam a2200000 i 4500 | ||
|---|---|---|---|
| 001 | 1/102593 | ||
| 008 | 950508s1988 gre d | ||
| 035 | |l 10012566 | ||
| 040 | |a GR-MY-UA |b gre |e aacr | ||
| 041 | 0 | |a gre | |
| 082 | 0 | |a 530 | |
| 100 | 1 | |a Χατζηλεωνίδας, Βασίλης. | |
| 245 | 1 | 0 | |a Ενεργειακή φυσική / |c Βασ. Χατζηλεωνίδας |
| 250 | |a 3η έκδ. | ||
| 260 | |a Μυτιλήνη : |c 1988 | ||
| 300 | |a 262 σ. | ||
| 500 | |a Για σπουδαστές παιδαγωγικών ακαδημιών | ||
| 504 | |a Περιέχει βιβλιογραφία | ||
| 650 | 0 | 0 | |a Physics. |
| 852 | |a INST |b LESVOS |e 19950508 |h 530 XAT |p 005100001223 |q 005100001223 |t BK |y 0 | ||
| 852 | |a INST |b LESVOS |e 19950508 |h 530 XAT |p 005100001224 |q 005100001224 |t BK |y 0 | ||
| 852 | |a INST |b LESVOS |e 19950508 |h 530 XAT |p 005100001227 |q 005100001227 |t BK |y 0 | ||
| 909 | |a Λ |b 020931 | ||
| 922 | |a 1ΔΩΡ |b 199108 | ||